Global trends in outsourcing

Outsourcing, poskytovatelia outsouringu. Miesta a funkcie vo svete. Poskytovatelia a stratégia rastu. Výzvy pre poskytovateľov služieb. Outsourcing informačných technológií. Fúzie a akvizície v outsourcingu.

Saved in:
Bibliographic Details
Main Author: Jurových, Matúš
Format: Book Chapter
Language:English
Subjects:
Tags: Add Tag
No Tags, Be the first to tag this record!

MARC

LEADER 00000nla$a2200000$$$4500
001 0143500
005 20240502072556.1
041 0 |a eng 
044 |a SK 
245 1 0 |a Global trends in outsourcing  |c Matúš Jurových 
520 |a Outsourcing, poskytovatelia outsouringu. Miesta a funkcie vo svete. Poskytovatelia a stratégia rastu. Výzvy pre poskytovateľov služieb. Outsourcing informačných technológií. Fúzie a akvizície v outsourcingu. 
610 2 0 |a outsourcing 
610 2 0 |a podnikanie 
610 2 0 |a technológie informačné 
610 2 0 |a fúzie 
610 2 0 |a akvizícia 
610 2 0 |a globalizácia 
100 1 |a Jurových, Matúš